| 000 | 00633nam a2200241 a 4500 | ||
|---|---|---|---|
| 001 | 0001-1095 | ||
| 003 | ELIB.Books | ||
| 008 | 150116 2010 eng | ||
| 020 | _a0830730796 | ||
| 035 | _a(ELIB.Books)0001-1250 | ||
| 092 |
_a248.8 _bHay |
||
| 100 | _aHayford, Jack W. | ||
| 245 |
_aBlessing Your Children _bHow Your can Love the Kids in Your Life |
||
| 260 |
_aRegal Books _bVentura _c2002 |
||
| 300 |
_a186 _c16.5 |
||
| 500 | _aC/o Moe Lwai | ||
| 650 | _aChristian Life | ||
| 856 |
_nKBTS; Library _uKBTS; Elib. |
||
| 942 |
_2ddc _cBK |
||
| 990 | _a1 | ||
| 998 |
_cbat _e2015-01-16 |
||
| 999 |
_c11095 _d11095 |
||